000 00611nam a22001937a 4500
003 OSt
005 20251202091621.0
008 251202b |||||||| |||| 00| 0 eng d
020 _a0201-40000-6.
040 _aDWCL-Main lib
_cOC
082 _24th ed.
_aCirc. 005.74 M113m 1994
100 _aMcfadden , Fred R.
245 _aModern database management/
_cMcfadden , Fred R.
260 _aCalifornia :
_bBenjamin/Cunnings Publishing Company Inc.,
_cc1994.
300 _axxv, 594 p. :
_bill. ;
_c25 cm.
650 _aDatabase management.
700 _aHoffer , Jeffrey A.
942 _2ddc
_cBK-CIRC
_e4th ed.
_kCirc.
_n0
999 _c6689
_d6689